Statistics for Top 50 Most Populous Cities/Towns in the UK

Click here to take the quiz!

General Stats

  • This quiz has been taken 85 times
  • The average score is 33 of 50

Answer Stats

Answer% Correct
London
99%
Glasgow
96%
Manchester
96%
Birmingham
95%
Cardiff
95%
Edinburgh
95%
Leeds
95%
Liverpool
91%
Newcastle
91%
Belfast
89%
Sheffield
89%
Aberdeen
88%
Bristol
88%
Swansea
88%
Southampton
87%
Leicester
85%
Nottingham
85%
Oxford
85%
Brighton
83%
Portsmouth
83%
York
83%
Cambridge
80%
Hull
77%
Plymouth
77%
Norwich
75%
Bradford
72%
Dundee
71%
Coventry
69%
Sunderland
69%
Derby
67%
Londonderry
64%
Stoke
64%
Wolverhampton
60%
Preston
57%
Gloucester
56%
Exeter
53%
Chester
52%
Newport
51%
Worcester
47%
Carlisle
43%
Peterborough
43%
Wakefield
37%
Lancaster
31%
Salford
31%
Winchester
19%
Salisbury
17%
Chichester
13%
St Albans
13%
Lisburn
7%
Westminster
5%

Score Distribution

Percentile by Number Answered

Percent of People with Each Score

Your Score History

You have not taken this quiz